000 00371nam a2200145 i 4500
001 bg
100 1 _aSZESZNIEW, Włodzimierz
245 0 _aWynalazki chronią przyrodę /
_cWłodzimierz Szeszniew, Borys Zubkow.
260 _aWarszawa,
_c1980.
700 1 _aZUBKOW, Borys
040 _cBPK
041 _apol
942 _cKS
008 s pl f |000 0 pol
999 _c21536
_d21536
856 _uhttp://koha.tu.koszalin.pl/cgi-bin/koha/opac-detail.pl?biblionumber=21536
_yKatalog online BPK